Montana City Quiz - Statistics

General Stats
  • This quiz has been taken 32 times
  • The average score is 9 of 12
Answer Stats
Hint Answer % Correct
Capital Helena
100%
Largest city Billings
96%
Decent sized city on I-15 in the north part of the state (two words) Great Falls
96%
City that was home to the Anaconda Mining Company Butte
91%
Town in Northeast Montana, named after a city in Scotland Glasgow
87%
Called "The most livable place" (starts with B) Bozeman
78%
Town on the west entrance of Yellowstone West Yellowstone
70%
City known for blue ribbon trout fishing Missoula
57%
Northernmost town (starts with E) Eureka
52%
City where I-90 & Highway 89 intersect (starts with L) Livingston
52%
Town outside of the north entrance of Yellowstone, also home to the Roosevelt Arch Gardiner
43%
City about 20 minutes east from the largest city Laurel
35%
No matching quizzes found
Score Distribution
Percent of People with Each Score
Percentile by Number Answered
Your Score History
You have not taken this quiz